000 00585nam a2200181Ia 4500
005 20260601193219.0
008 260601s9999||||xx |||||||||||||| ||und||
020 _a978-3-031-44748-8
_qebk
100 _aKun Sun
245 0 _aSecure Voice Processing Systems against Malicious Voice Attacks
250 _a1st ed. 2024
260 _aHeidelberg, Germany
_bSpringer Nature
_c2024
440 _aSpringerBriefs in Computer Science
650 _aComputer Science
700 _aShu Wang
856 _uhttps://link.springer.com/openurl?genre=book&isbn=978-3-031-44748-8
942 _cEB
_2ddc
999 _c55759
_d55759